000 00601nam a2200193Ia 4500
003 LDD
008 190117s9999 xx 000 0 und d
020 _c₹27
040 _cLDD
041 _ahi
082 _a8H3.7 ना1601में
100 _aनागार्जुन
245 0 _aमेहनत का फल
_cनागार्जुन
260 _aदिल्ली
_bदिवि पब्लिशर्स
_c2002
300 _a23
901 _aVANI
904 _aReqst by : Parakh, Jawarimal (Dr.)
942 _2ddc
_cH
999 _c162301
_d162301